| 000 | 00447nam a2200193Ia 4500 | ||
|---|---|---|---|
| 005 | 20231103105751.0 | ||
| 008 | 131103s9999 xx 000 0 und d | ||
| 020 |
_a747530815 _cRs 348 |
||
| 040 | _aLoreto College | ||
| 041 | _aEnglish | ||
| 082 |
_aF _bSOU |
||
| 100 | _aSoueif, Ahdaf | ||
| 245 |
_aSandpiper _cAhdaf Soueif |
||
| 260 |
_aLondon _bBloomsbury _c1997 |
||
| 300 | _a150p | ||
| 650 | _aFiction | ||
| 850 | _aLCLIB | ||
| 942 | _cBK | ||
| 999 |
_c15934 _d66413 |
||